000 00418nam a2200157Ia 4500
003 GCL
008 140319s9999 xx 000 0 ara d
040 _aGCL /
_cGCL
082 0 4 _a709.01
_bم ف
245 1 0 _aالفن الفرعونى
260 _a[S.N] :
_bمجلة صوت الفنان
490 _aاعلان الفن
_v0
650 0 4 _aالفن المصرى القديم
650 0 4 _aالفن
942 _2ddc
_cBK
999 _c36521
_d36521